00452 2200169 4500001002100000008004100021035002000062245004400082100000800126260003100134300001300165020001800178084001400196082000800210650004600218990001800264INLIS000000000000766 Ind  a0010-0724000766 aKamus Bahasa Jawa (Bausastra Jawa)cxxx axxx aYogyakartabKanisiusc2000 a885 hlm. a979-672-990-3 a418 TIM k a418 aPemakaian Bahasa Indonesia Baku (Standar) aP29/CP/24/766